000 01039nam a2200301 i 4500
003 EG-GICUC
005 20260508105206.0
008 260508s1986 eg ||||fr|||| 00| 0 fre d
040 _aEG-GiCUC
_bfre
_cEG-GiCUC
_dEG-GiCUC
_eRda
041 0 _afre
082 0 4 _221
_a343.3752
_bNA . P
092 0 4 _221
099 _aLaw1 10 343.3752 NA . P 1986
100 1 _aNaguib, Hosni
_eAuteur
245 1 3 _a La phase décisoire du procès pénal en droit comparé :
_bdroit des pays arabes /
_cpar Naguib Hosni
264 3 _aLe Caire :
_bFaculté de Droit, Université du Caire ; Impr. Sabr,
_c1986.
300 _a15 page ;
_c 24 cm.
_billustration ;
336 _2rda contenu
_a texte
337 _2rda medias
_aOrdinateur
338 _2 transporteur rda
_a Ressource en ligne
504 _aComprend des références bibliographiques.
546 _aTexte en français
650 1 _aDroit pénal
_2qrmak
651 1 _2qrmak
856 4 0 _uhttps://fll.law.cu.edu.eg/fulltext/bks/B10-11849.pdf
905 _a74
942 _2ddc
_n0
_cBK
_e21
999 _c76254
_d76254